Welcome to CU Library Online Public Access Catalogue (OPAC)

Professional Administration; (Record no. 5103)

MARC details
000 -LEADER
fixed length control field 00406nam a22001577a 4500
005 - DATE AND TIME OF LATEST TRANSACTION
control field 20250324083009.0
008 - FIXED-LENGTH DATA ELEMENTS--GENERAL INFORMATION
fixed length control field 250324b |||||||| |||| 00| 0 eng d
020 ## - INTERNATIONAL STANDARD BOOK NUMBER
International Standard Book Number 9780751751345
050 ## - LIBRARY OF CONGRESS CALL NUMBER
Classification number HD2741
Item number PRO
245 ## - TITLE STATEMENT
Title Professional Administration;
Remainder of title professional paper 10
250 ## - EDITION STATEMENT
Edition statement 6th
260 ## - PUBLICATION, DISTRIBUTION, ETC.
Place of publication, distribution, etc. London
Name of publisher, distributor, etc. BPP Publishing Ltd.
Date of publication, distribution, etc. c2000
300 ## - PHYSICAL DESCRIPTION
Extent xiv, 512p
710 ## - ADDED ENTRY--CORPORATE NAME
Corporate name or jurisdiction name as entry element ICSA
942 ## - ADDED ENTRY ELEMENTS (KOHA)
Source of classification or shelving scheme Library of Congress Classification
Koha item type Books
Suppress in OPAC No
999 ## -
-- 5103
-- 5103
Holdings
Withdrawn status Lost status Source of classification or shelving scheme Damaged status Not for loan Collection Home library Current library Shelving location Date acquired Total checkouts Full call number Barcode Date last seen Copy number Price effective from Koha item type
    Library of Congress Classification     Non-fiction Undergraduate Library (Christ Temple) Undergraduate Library (Christ Temple) General stacks 03/24/2025   HD2741 PRO ulct00001904 03/24/2025 1 03/24/2025 Books
© 2023-2024 Copyright: Central University Libraries. All Rights Reserved | Created by: Mahone Tech Office